000 00674nam a2200181 a 4500
020 _a8509000905
082 _a363.731
_bTEQ
245 0 0 _aTechnology, environment and development.
250 _a1st
260 _aSão Paulo :
_bSecretaria da Ciência, Tecnologia e Desenvolvimento Econômico, Instituto de Pesquisas Tecnológicas,
_c1992.
300 _a104 p. :
_bill., maps ;
_c22 cm.
490 1 _aIPT Publication ;
526 _a0
_b0
_c0
_d363_731000000000000_TEQ
650 0 _aGreen technology
_zBrazil.
_938141
650 0 _aSustainable development
_zBrazil.
_938142
710 2 _aInstituto de Pesquisas Tecnológicas do Estado de São Paulo.
_938143
942 _2ddc
_cBK
999 _c542798
_d542798